000 00313nam a22001337a 4500
008 181019b xxu||||| |||| 00| 0 eng d
020 _a9780471407751
041 _aeng
080 _210 ED
_a910
100 _a42
101 _aGEO
245 _aGeography Realms.regions An Concepts
_cBlij.H.J
942 _2udc
_cBK
999 _c50232
_d50232